Romeo a Julie /

Main Author: Shakespeare, William, 1564-1616
Other Authors: Vrba, František, 1920-1985, Saudek, Erik Adolf, 1904-1963, Storch, Zdeněk, Ulrich, Jindřich, 1950-, Molière, 1622-1673.
Language: Czech
Published: Praha : Mladá fronta, 1985
Edition: 1. vyd. v tomto uspoř.
Series: Četba pro školy
Online Access: Digitalizovaný dokument
Physical Description: 213 s. : il. ; 20 cm
Book
Saved in:
LEADER 01963nam a22004812a 4500
001 000053919
003 CZ BrMZK
005 20140310082301.0
007 ta
008 950407s1985 xr a f cze d
015 |a cnb000011519 
035 |a (OCoLC)28445513 
040 |a BOA001  |b cze 
041 1 |a cze  |h eng  |h fre 
080 9 |a 840-22 
080 9 |a 820-21 
100 1 |a Shakespeare, William,  |d 1564-1616  |7 jn19981002129  |4 aut 
240 1 0 |a Romeo and Juliet.  |l Česky 
245 1 0 |a Romeo a Julie /  |c William Shakespeare ; ilustrace Jindřich Ulrich ; z anglického originálu ... přeložil E. A. Saudek ; doslov Zdeněk Štorch 
250 |a 1. vyd. v tomto uspoř. 
260 |a Praha :  |b Mladá fronta,  |c 1985 
300 |a 213 s. :  |b il. ;  |c 20 cm 
490 1 |a Četba pro školy 
500 |a 35000 výt. 
500 |a Poznámkami doplnili Vojtěch Saudek a F. Vrba ; francouzský text přeložil František Vrba 
500 |a Frontispis 
501 |a Obsahuje též: Tartuffe / Molière 
504 |a Obsahuje bibliografii 
740 0 2 |a Tartuffe 
700 1 |a Vrba, František,  |d 1920-1985  |7 jk01150960  |4 trl 
700 1 |a Saudek, Erik Adolf,  |d 1904-1963  |7 jk01110423  |4 trl 
700 1 |a Storch, Zdeněk  |7 jk01121276  |4 wfw 
700 1 |a Ulrich, Jindřich,  |d 1950-  |7 xx0076611  |4 ill 
700 1 2 |a Molière,  |d 1622-1673.  |t Tartuffe.  |l Česky  |7 aun2006372396 
830 0 |a Četba pro školy  |0 s 
856 4 1 |u http://www.digitalniknihovna.cz/mzk/uuid/uuid:8c18f950-8429-11e4-9d8c-005056827e51  |y Digitalizovaný dokument  |x NDK 
910 |a BOA001  |b PK-0101.188  |b 2-0898.945 
920 |a 000013099 
990 |a BK 
991 |f B-SHA 
996 6 |b 2610582707  |c 2-0898.945  |l MZK  |r Sklad / do 1 hodiny  |n 1  |p dar  |w 000053919  |u 000030  |a 1  |e BOA001  |j MZK50  |s P 
996 7 |b 2619975044  |c 2-0898.945  |l MZK  |r Sklad / do 1 hodiny  |n 71  |w 000053919  |u 000020  |a 1  |e BOA001  |j MZK50  |s A 
996 7 |b 3119977362  |c PK-0101.188  |l MZK  |r Sklad / do 1 hodiny  |n 113  |w 000053919  |u 000010  |a 1  |e BOA001  |j MZK50  |s A